An English - Kidawida dictionary (Record no. 43199)
[ view plain ]
| 000 -LEADER | |
|---|---|
| fixed length control field | 00467nam a22001691a 4500 |
| 020 ## - INTERNATIONAL STANDARD BOOK NUMBER | |
| Terms of availability | 0.00 |
| 040 ## - CATALOGING SOURCE | |
| Original cataloging agency | NEGST Library - Kenya |
| 050 ## - LIBRARY OF CONGRESS CALL NUMBER | |
| Classification number | PL 8707.95.R39 2007 |
| 100 ## - MAIN ENTRY--PERSONAL NAME | |
| Personal name | Raynard, |
| 245 ## - TITLE STATEMENT | |
| Title | An English - Kidawida dictionary |
| Medium | [Text] |
| 260 ## - PUBLICATION, DISTRIBUTION, ETC. (IMPRINT) | |
| Date of publication, distribution, etc | 2007 |
| 300 ## - PHYSICAL DESCRIPTION | |
| Extent | 130 p.; |
| 500 ## - GENERAL NOTE | |
| General note | [Africana] |
| 600 ## - SUBJECT ADDED ENTRY--PERSONAL NAME | |
| Personal name | Kidawida language - Dictionaries - Engli |
| 852 ## - LOCATION/CALL NUMBER | |
| -- | 10.00 |
| Withdrawn status | Lost status | Source of classification or shelving scheme | Damaged status | Not for loan | Collection code | Home library | Current library | Shelving location | Date acquired | Source of acquisition | Cost, normal purchase price | Total Checkouts | Full call number | Barcode | Date last seen | Date checked out | Copy number | Price effective from | Koha item type |
|---|---|---|---|---|---|---|---|---|---|---|---|---|---|---|---|---|---|---|---|
| Library of Congress Classification | Special Collection | AIU/NEGST - Tony Wilmot Memorial Library | AIU/NEGST - Tony Wilmot Memorial Library | Special Collection | 02/15/2010 | Donation- SIL | 10.00 | 1 | S PL 8707.95.R39 2007 | R41889X3232 | 08/03/2023 | 07/28/2023 | 1 | 02/15/2010 | Africana Collection (Special) |
